Hugo ou Léa? - Statistiques

Statistiques générales
  • Ce quiz a été pris 89 fois
    88 depuis la dernière actualisation
  • Le résultat moyen est 9 sur 11
Statistiques - réponses
Question Réponse % Correct
Ecrivain(e) auteur des Misérables Hugo
98%
Dernier(e) Gardien(ne) de l'équipe de France en coupe du monde Hugo
97%
Journaliste franco-libanais(e) actif(ve) Sur France 2 Léa
95%
Ancien(ne) joueur(se) d’une singulière équipe de D4 finistérienne Hugo Léa
88%
Acteur(trice) dans Dune et la vie d'Adèle Léa
84%
Ancien(ne) président(e) du Venezuela Hugo
80%
Auteur(e) de Corto Maltese Hugo
73%
Journaliste écologique, anciennement dans Quotidien Hugo
67%
D'origine hébraïque, signifiant "Vache sauvage" Léa
66%
D'origine germanique, signifiant "Intelligence" Hugo
60%
Judoka(te) médaillé(e) mondial(e) en catégorie +78kg Léa
49%
Aucun quiz correspondant
Distribution des résultats
% des personnes avec chaque résultat
Percentile par nombre de réponses
Votre historique - résultats
Vous n’avez pas pris ce quiz depuis la dernière actualisation